[Event "BdF-Diamant 05 email"]
[Site "GER email"]
[Date "2014.06.25"]
[Round "?"]
[White "Achatz, Kirstin"]
[Black "Lindemann, Antje"]
[Result "1/2-1/2"]
[WhiteElo "2268"]
[BlackElo "2078"]
[PlyCount "34"]
[EventDate "2014.??.??"]
[EventType "tourn (corr)"]
[EventRounds "16"]
[EventCountry "GER"]
[SourceTitle "Corr 2015"]
[Source "ChessBase"]
[SourceDate "2015.07.17"]
[SourceVersion "1"]
[SourceVersionDate "2015.07.17"]
[SourceQuality "1"]

1. d4 d5 2. c4 c6 3. Nf3 Nf6 4. Nc3 e6 5. e3 Nbd7 6. Bd3 dxc4 7. Bxc4 b5 8. Bd3 Bb7 9. 0-0 a6 10. e4 c5 11. d5 Qc7 12. dxe6 fxe6 13. Bc2 Bd6 14. Ng5 Nf8 15. f4 0-0-0 16. Qe1 e5 17. f5 h6 1/2-1/2

[Event "BdF-Diamant 05 email"]
[Site "GER email"]
[Date "2014.06.25"]
[Round "?"]
[White "Lindemann, Antje"]
[Black "Dmitrieva, Galina Vladimirovna"]
[Result "0-1"]
[WhiteElo "2078"]
[BlackElo "2233"]
[PlyCount "68"]
[EventDate "2014.??.??"]
[EventType "tourn (corr)"]
[EventRounds "16"]
[EventCountry "GER"]
[SourceTitle "Corr 2017"]
[Source "ChessBase"]
[SourceDate "2017.09.19"]
[SourceVersion "1"]
[SourceVersionDate "2017.09.19"]
[SourceQuality "1"]

1. d4 Nf6 2. c4 g6 3. Nc3 Bg7 4. e4 d6 5. Nf3 0-0 6. h3 e5 7. d5 Nh5 8. Nh2 a5 9. g3 Na6 10. Bg2 Qe8 11. 0-0 f5 12. Nf3 Bd7 13. Qe2 Nc5 14. Bd2 f4 15. g4 Nf6 16. Ne1 Qf7 17. Rd1 g5 18. Rc1 b6 19. Nb5 h5 20. f3 Rac8 21. Bh1 hxg4 22. hxg4 Ncxe4 23. fxe4 Bxg4 24. Nf3 Qg6 25. Qd3 Bxf3 26. Rxf3 g4 27. Rf2 f3 28. Na7 Rce8 29. Nb5 Re7 30. Nc3 Bh6 31. Bxh6 Qxh6 32. Qd2 Qg6 33. c5 bxc5 34. a3 Rh7 0-1

[Event "GER Cup18 PZ07 serv"]
[Site "GER email"]
[Date "2012.09.02"]
[Round "?"]
[White "Hummel, Armin"]
[Black "Lindemann, Antje"]
[Result "1/2-1/2"]
[WhiteElo "2028"]
[BlackElo "1991"]
[PlyCount "38"]
[EventDate "2012.09.06"]
[EventType "tourn (corr)"]
[EventRounds "7"]
[EventCountry "GER"]
[SourceTitle "Corr 2015"]
[Source "ChessBase"]
[SourceDate "2015.07.17"]
[SourceVersion "1"]
[SourceVersionDate "2015.07.17"]
[SourceQuality "1"]

1. c4 e6 2. g3 Nf6 3. Bg2 d5 4. Nf3 Be7 5. 0-0 0-0 6. b3 c5 7. cxd5 Nxd5 8. Bb2 b6 9. d4 Bb7 10. e4 Nf6 11. e5 Nd5 12. dxc5 Ba6 13. Re1 Nc6 14. Nc3 Ndb4 15. cxb6 Nd3 16. Re2 Qxb6 17. Na4 Qc7 18. Rc2 Rad8 19. Qb1 Qd7 1/2-1/2

[Event "Rostock SSC 07 op 11th"]
[Site "Rostock"]
[Date "2012.08.03"]
[Round "5"]
[White "Fleischer, Matthias"]
[Black "Lindemann, Antje"]
[Result "1/2-1/2"]
[WhiteElo "1937"]
[BlackElo "1662"]
[PlyCount "74"]
[EventDate "2012.08.01"]
[EventType "swiss"]
[EventRounds "7"]
[EventCountry "GER"]
[SourceTitle "EXT 2017"]
[Source "ChessBase"]
[SourceDate "2016.10.25"]
[SourceVersion "1"]
[SourceVersionDate "2016.10.25"]
[SourceQuality "1"]

1. Nf3 Nf6 2. d4 d5 3. Bg5 Nbd7 4. e3 e6 5. Bd3 Be7 6. Nbd2 h6 7. Bh4 0-0 8. 0-0 b6 9. Re1 Bb7 10. Qe2 Rc8 11. e4 dxe4 12. Nxe4 Nxe4 13. Bxe7 Qxe7 14. Bxe4 Bxe4 15. Qxe4 c6 16. c3 Nf6 17. Qh4 Nd5 18. Qg3 c5 19. Re4 Qf6 20. Rae1 Rfd8 21. h4 Ne7 22. Rg4 Kh8 23. Ree4 Nf5 24. Qf4 cxd4 25. Nxd4 Nxd4 26. Qxf6 gxf6 27. Rxd4 f5 28. Rgf4 h5 29. Kf1 Kg7 30. Ke2 Kf6 31. Rxd8 Rxd8 32. Rd4 Rxd4 33. cxd4 f4 34. f3 Ke7 35. Kd3 f5 36. Kc4 a6 37. a4 Kd6 1/2-1/2

[Event "Rheinland Pfalz op 4th"]
[Site "Altenkirchen"]
[Date "2012.06.09"]
[Round "6"]
[White "Lindemann, Antje"]
[Black "Bigott, Martin"]
[Result "0-1"]
[WhiteElo "1672"]
[BlackElo "1882"]
[PlyCount "78"]
[EventDate "2012.06.07"]
[EventType "swiss"]
[EventRounds "7"]
[EventCountry "GER"]
[SourceTitle "CBM 148 Extra"]
[Source "ChessBase"]
[SourceDate "2012.06.22"]
[SourceVersion "1"]
[SourceVersionDate "2012.06.22"]
[SourceQuality "1"]

1. e4 Nf6 2. Nc3 d5 3. exd5 Nxd5 4. Nxd5 Qxd5 5. Qf3 Qa5 6. Qc3 Qxc3 7. dxc3 e5 8. Nf3 Bd6 9. Bc4 Bf5 10. Ng5 0-0 11. Bd3 e4 12. Nxe4 Bxe4 13. 0-0 Bc6 14. Be3 Nd7 15. Rad1 Rfe8 16. Rd2 a5 17. Rfd1 a4 18. b4 axb3 19. cxb3 Ra3 20. Bb1 Nf6 21. h3 Be4 22. Bxe4 Nxe4 23. Rc2 Rea8 24. f3 Bc5 25. Bd4 Bxd4+ 26. cxd4 Nd6 27. Rxc7 Rxa2 28. Rd7 R2a6 29. Rc1 g6 30. g4 Ra1 31. Rxa1 Rxa1+ 32. Kg2 Ra6 33. Kg3 Kf8 34. Rc7 Rc6 35. Rxc6 bxc6 36. Kf4 Ke7 37. Ke3 Ke6 38. Kf4 Kd5 39. Ke3 Nb5 0-1

[Event "GER-ch22 final (Women) email"]
[Site "GER email"]
[Date "2010.10.05"]
[Round "?"]
[White "Schubert, Cornelia"]
[Black "Lindemann, Antje"]
[Result "1/2-1/2"]
[WhiteElo "1941"]
[BlackElo "1968"]
[PlyCount "30"]
[EventDate "2010.10.18"]
[EventType "tourn (corr)"]
[EventRounds "10"]
[EventCountry "GER"]
[SourceTitle "Corr 2015"]
[Source "ChessBase"]
[SourceDate "2015.07.17"]
[SourceVersion "1"]
[SourceVersionDate "2015.07.17"]
[SourceQuality "1"]
[WhiteTeam "Germany"]
[BlackTeam "Germany"]
[WhiteTeamCountry "GER"]
[BlackTeamCountry "GER"]

1. c4 e5 2. Nc3 Nf6 3. Nf3 Nc6 4. g3 d5 5. cxd5 Nxd5 6. Bg2 Nb6 7. 0-0 Be7 8. a3 0-0 9. b4 Be6 10. d3 a5 11. b5 Nd4 12. Bb2 Nb3 13. Rb1 f6 14. Nd2 Nxd2 15. Qxd2 Nc4 1/2-1/2

[Event "GER Cup18 sf10 serv"]
[Site "GER email"]
[Date "2010.06.06"]
[Round "?"]
[White "Uecker, Dieter"]
[Black "Lindemann, Antje"]
[Result "1/2-1/2"]
[WhiteElo "2120"]
[BlackElo "1915"]
[PlyCount "114"]
[EventDate "2010.06.21"]
[EventType "tourn (corr)"]
[EventRounds "6"]
[EventCountry "GER"]
[SourceTitle "Corr 2015"]
[Source "ChessBase"]
[SourceDate "2015.07.17"]
[SourceVersion "1"]
[SourceVersionDate "2015.07.17"]
[SourceQuality "1"]
[WhiteTeam "Germany"]
[BlackTeam "Germany"]
[WhiteTeamCountry "GER"]
[BlackTeamCountry "GER"]

1. d4 d5 2. c4 dxc4 3. Nf3 Nf6 4. e3 e6 5. Bxc4 c5 6. 0-0 a6 7. a4 Nc6 8. Qe2 cxd4 9. Rd1 Bd6 10. exd4 0-0 11. Bg5 h6 12. Bh4 Bd7 13. Nc3 Be7 14. Ne5 Rc8 15. Rac1 Be8 16. b3 Nd5 17. Bxe7 Nxc3 18. Rxc3 Nxe7 19. Rh3 b5 20. axb5 axb5 21. Bd3 Qb6 22. Rg3 f5 23. Bb1 Qd6 24. Qd2 Rd8 25. h3 Kh8 26. Rc3 Nc6 27. f4 Nxe5 28. fxe5 Qa3 29. Kh2 Rf7 30. Rc5 Rfd7 31. Qc3 Bh5 32. Rd2 b4 33. Qe3 Qa1 34. Qg1 Qa8 35. Rc4 Kg8 36. Qe3 Qb7 37. g4 Bg6 38. gxf5 exf5 39. Qg3 Bh7 40. Qf2 Kh8 41. Bc2 Rd5 42. Rd1 Qe7 43. Qe3 Ra5 44. Qf4 g5 45. Qf2 Kg7 46. Bd3 Rad5 47. Kg2 Kh8 48. Rdc1 f4 49. Bxh7 Qxh7 50. Qf3 Qf5 51. Kf2 Kg7 52. Rc7+ Kg8 53. Rd1 Qg6 54. Rc4 Kg7 55. Rxb4 Qc2+ 56. Qe2 Qxe2+ 57. Kxe2 Kg6 1/2-1/2

[Event "GER OS-133 email"]
[Site "GER email"]
[Date "2010.05.16"]
[Round "?"]
[White "Lindemann, Antje"]
[Black "Tropf, Peter"]
[Result "1/2-1/2"]
[WhiteElo "1894"]
[BlackElo "1920"]
[PlyCount "88"]
[EventDate "2010.05.24"]
[EventType "tourn (corr)"]
[EventRounds "6"]
[EventCountry "GER"]
[SourceTitle "Corr 2013"]
[Source "ChessBase"]
[SourceDate "2012.11.12"]
[SourceVersion "1"]
[SourceVersionDate "2012.11.12"]
[SourceQuality "1"]

1. e4 e5 2. Nf3 Nf6 3. Nxe5 d6 4. Nf3 Nxe4 5. Nc3 Nxc3 6. dxc3 Be7 7. Bd3 0-0 8. 0-0 Nc6 9. Re1 Bf6 10. Bf4 Be6 11. Qd2 Re8 12. Re2 h6 13. Rae1 Qd7 14. h3 a5 15. a4 Bd5 16. Nh2 Rxe2 17. Bxe2 Be6 18. Ng4 Bh4 19. b3 Re8 20. Bb5 Bxg4 21. hxg4 Rxe1+ 22. Qxe1 Qe7 23. Bd2 Qxe1+ 24. Bxe1 Ne5 25. Be2 Kf8 26. c4 b6 27. g3 Bd8 28. Kf1 Nd7 29. Bd1 Ke7 30. Ke2 Ke6 31. f4 Bf6 32. c3 g6 33. Ke3 Bg7 34. Ke4 Nc5+ 35. Kf3 Nd7 36. Ke3 Bf6 37. Kd3 Nc5+ 38. Kd2 c6 39. b4 Na6 40. Kd3 axb4 41. cxb4 c5 42. b5 Nb4+ 43. Ke4 Kd7 44. Be2 Bg7 1/2-1/2

[Event "GER OS-133 email"]
[Site "GER email"]
[Date "2010.05.16"]
[Round "?"]
[White "Schiller, Manfred"]
[Black "Lindemann, Antje"]
[Result "0-1"]
[WhiteElo "1098"]
[BlackElo "1894"]
[PlyCount "58"]
[EventDate "2010.05.24"]
[EventType "tourn (corr)"]
[EventRounds "6"]
[EventCountry "GER"]
[SourceTitle "Corr 2013"]
[Source "ChessBase"]
[SourceDate "2012.11.12"]
[SourceVersion "1"]
[SourceVersionDate "2012.11.12"]
[SourceQuality "1"]

1. d4 d5 2. e3 Nf6 3. Bd3 e6 4. Nc3 c5 5. Bd2 Nc6 6. Bb5 Bd7 7. Bxc6 Bxc6 8. Nge2 Bd6 9. b3 0-0 10. h3 e5 11. dxc5 Bxc5 12. Ng3 d4 13. exd4 exd4 14. Nce2 Bxg2 15. Rg1 Bxh3 16. Bf4 Qa5+ 17. Bd2 Qb6 18. Nf4 Rfe8+ 19. Nge2 d3 20. Nxd3 Bg4 21. Nxc5 Bxe2 22. Qc1 Bg4+ 23. Be3 Qxc5 24. Qd2 Rad8 25. Qc1 Nd5 26. Rxg4 Nxe3 27. fxe3 Rxe3+ 28. Kf1 Rf3+ 29. Ke1 Qf2# 0-1

[Event "GER OS-133 email"]
[Site "GER email"]
[Date "2010.05.16"]
[Round "?"]
[White "Schwerdtfeger, Hans Georg"]
[Black "Lindemann, Antje"]
[Result "0-1"]
[WhiteElo "1059"]
[BlackElo "1894"]
[PlyCount "35"]
[EventDate "2010.05.24"]
[EventType "tourn (corr)"]
[EventRounds "6"]
[EventCountry "GER"]
[SourceTitle "Corr 2013"]
[Source "ChessBase"]
[SourceDate "2012.11.12"]
[SourceVersion "1"]
[SourceVersionDate "2012.11.12"]
[SourceQuality "1"]

1. d4 d5 2. e3 Nf6 3. c4 e6 4. c5 b6 5. cxb6 axb6 6. Nf3 Bd6 7. Bd3 0-0 8. Bd2 c5 9. Ng5 Nc6 10. Qc2 g6 11. Nc3 Nb4 12. Qc1 Nxd3+ 13. Ke2 Nxc1+ 14. Bxc1 e5 15. Nb5 Ba6 16. a4 Bxb5+ 17. Kd1 cxd4 18. exd4 0-1

[Event "GER-chT8 KH-33 Br3 email"]
[Site "GER email"]
[Date "2009.10.09"]
[Round "?"]
[White "Wolff, Christoph"]
[Black "Lindemann, Antje"]
[Result "1/2-1/2"]
[WhiteElo "2021"]
[BlackElo "1736"]
[PlyCount "33"]
[EventDate "2009.10.15"]
[EventType "tourn (corr)"]
[EventRounds "4"]
[EventCountry "GER"]
[SourceTitle "Corr 2013"]
[Source "ChessBase"]
[SourceDate "2012.11.12"]
[SourceVersion "1"]
[SourceVersionDate "2012.11.12"]
[SourceQuality "1"]

1. e4 e5 2. Nc3 Nc6 3. Bc4 Nf6 4. d3 Na5 5. Nge2 Nxc4 6. dxc4 Bc5 7. 0-0 d6 8. Qd3 h6 9. b3 0-0 10. Be3 Bxe3 11. Qxe3 Be6 12. h3 a5 13. Ng3 Nd7 14. Nf5 Nc5 15. a3 Qg5 16. Qxg5 hxg5 17. Ne3 1/2-1/2